[Event "19th Hoogeveen op"]
[Site "Hoogeveen NED"]
[Date "2015.10.20"]
[Round "5.25"]
[White "Mijnheer, Peter"]
[Black "Klapwijk, Bram"]
[Result "1/2-1/2"]
[WhiteElo "2154"]
[BlackElo "2151"]
[EventDate "2015.10.17"]
[PlyCount "38"]

1.e4 e6 2.d4 d5 3.Nd2 Nf6 4.Bd3 c5 5.c3 cxd4 6.cxd4 dxe4 7.Nxe4 Nxe4 8.
Bxe4 Nd7 9.Nf3 Nf6 10.Bd3 Bb4+ 11.Bd2 Bxd2+ 12.Qxd2 Qd6 13.O-O O-O 14.Qe2 
b6 15.Ba6 Qb4 16.Rfc1 h6 17.Rc2 Qa5 18.Bxc8 Raxc8 19.a3 Qa4 1/2-1/2

[Event "19th Hoogeveen op"]
[Site "Hoogeveen NED"]
[Date "2015.10.20"]
[Round "5.26"]
[White "Boer, Alef"]
[Black "Sadallah, Osama"]
[Result "0-1"]
[WhiteElo "2151"]
[BlackElo "2067"]
[EventDate "2015.10.17"]
[PlyCount "80"]

1.c4 Nf6 2.Nf3 g6 3.Nc3 d5 4.cxd5 Nxd5 5.d4 Bg7 6.e4 Nxc3 7.bxc3 c5 8.Be3 
O-O 9.Qd2 Qa5 10.Rc1 cxd4 11.cxd4 Qxd2+ 12.Kxd2 Nc6 13.d5 Rd8 14.Bb5 e6 
15.Bxc6 bxc6 16.Rxc6 exd5 17.e5 d4 18.Bg5 Re8 19.Bf4 Bb7 20.Rd6 Bxf3 21.
gxf3 Bxe5 22.Bxe5 Rxe5 23.Rxd4 Rae8 24.Ra4 Re2+ 25.Kd3 Rxf2 26.Rxa7 Rxf3+ 
27.Kc4 Rf2 28.a4 Ree2 29.h3 Rf5 30.Ra1 Re4+ 31.Kd3 Rh4 32.a5 Rxh3+ 33.Kd4 
Rh4+ 34.Ke3 Rhh5 35.a6 Ra5 36.Rf1 Rhf5 37.Rc1 Rf6 38.Ra8+ Kg7 39.a7 Rfa6 
40.Rc7 h5 0-1

[Event "19th Hoogeveen op"]
[Site "Hoogeveen NED"]
[Date "2015.10.20"]
[Round "5.27"]
[White "Munnik, Talitha"]
[Black "Bluhm, Sonja Maria"]
[Result "0-1"]
[WhiteElo "2037"]
[BlackElo "2128"]
[EventDate "2015.10.17"]
[PlyCount "104"]

1.e4 c5 2.Nf3 Nc6 3.d4 cxd4 4.Nxd4 Nf6 5.Nc3 d6 6.Be3 e5 7.Nde2 Be6 8.h3 
d5 9.exd5 Nxd5 10.Nxd5 Bxd5 11.Nc3 Bb4 12.Bd2 O-O 13.a3 Bc5 14.Nxd5 Qxd5 
15.Be3 Bd4 16.c3 Qa5 17.Bd2 Bb6 18.c4 Qc5 19.Be3 Qe7 20.Bxb6 axb6 21.g3 
Rfd8 22.Qb3 Nd4 23.Qc3 e4 24.O-O-O Qe5 25.Kb1 Rac8 26.Bg2 b5 27.Rhe1 f5 
28.Qa5 b6 29.Qc3 Rxc4 30.Qe3 Qc5 31.Rc1 Rc8 32.Bf1 Rxc1+ 33.Rxc1 Qxc1+ 34.
Qxc1 Rxc1+ 35.Kxc1 Kf7 36.Kd2 Ke6 37.Kc3 Ke5 38.Bg2 g5 39.Bf1 f4 40.g4 h6 
41.Kd2 Kd5 42.Bg2 Nc6 43.Kc3 Nd4 44.Kd2 f3 45.Bf1 Kc5 46.Ke3 Nb3 47.h4 
gxh4 48.Bh3 Kd5 49.Bf1 Ke5 50.Bh3 Na5 51.Kd2 Kd4 52.Bf1 Nc4+ 0-1

[Event "19th Hoogeveen op"]
[Site "Hoogeveen NED"]
[Date "2015.10.20"]
[Round "5.28"]
[White "Sparenberg, Erik"]
[Black "Kouwenhoven, Derk"]
[Result "1-0"]
[WhiteElo "2088"]
[BlackElo "1918"]
[EventDate "2015.10.17"]
[PlyCount "85"]

1.e4 e5 2.Nf3 Nc6 3.Bb5 a6 4.Ba4 Nf6 5.O-O Be7 6.Re1 b5 7.Bb3 O-O 8.d4 d6 
9.c3 Bg4 10.Be3 Re8 11.h3 Bh5 12.Nbd2 Na5 13.Bc2 Bf8 14.d5 c5 15.b4 Nb7 
16.a4 Qc7 17.axb5 axb5 18.Bd3 c4 19.Bc2 Nd7 20.g4 Bg6 21.Nf1 Nb6 22.Qd2 h5
23.Ng3 hxg4 24.hxg4 Nd7 25.Nh4 Be7 26.g5 Nf8 27.Kg2 Nh7 28.Nhf5 Qd8 29.
Nxe7+ Qxe7 30.Nf5 Qd8 31.Rg1 f6 32.Rxa8 Qxa8 33.gxf6 Nxf6 34.Bg5 Kf7 35.
Kf3 Bh5+ 36.Kg2 Rh8 37.Qe3 Qa6 38.Bxf6 gxf6 39.Qg3 Rh7 40.Rh1 Qa2 41.Rxh5 
Rxh5 42.Qg7+ Ke8 43.Qe7# 1-0

[Event "19th Hoogeveen op"]
[Site "Hoogeveen NED"]
[Date "2015.10.20"]
[Round "5.29"]
[White "Lewin, Tammo"]
[Black "Van der Veen, Jan"]
[Result "1/2-1/2"]
[WhiteElo "2021"]
[BlackElo "2070"]
[EventDate "2015.10.17"]
[PlyCount "45"]

1.d4 Nf6 2.c4 g6 3.Nc3 Bg7 4.e4 d6 5.f4 O-O 6.Nf3 c5 7.d5 e6 8.Be2 exd5 9.
cxd5 Nbd7 10.O-O Re8 11.Nd2 c4 12.e5 dxe5 13.Nxc4 Nb6 14.d6 Nxc4 15.Bxc4 
Ng4 16.Ne4 exf4 17.Bxf7+ Kxf7 18.Qd5+ Re6 19.Bxf4 Ke8 20.Nc5 Nf6 21.d7+ 
Qxd7 22.Qxe6+ Qxe6 23.Nxe6 1/2-1/2

[Event "19th Hoogeveen op"]
[Site "Hoogeveen NED"]
[Date "2015.10.20"]
[Round "5.30"]
[White "Henseler, Jorgen"]
[Black "Schoehuys, Erik"]
[Result "1/2-1/2"]
[WhiteElo "2069"]
[BlackElo "2182"]
[EventDate "2015.10.17"]
[PlyCount "187"]

1.c4 e5 2.Nc3 Nf6 3.Nf3 Nc6 4.g3 Bc5 5.Bg2 d6 6.O-O a6 7.e3 Ba7 8.h3 O-O 
9.d4 Re8 10.b3 Rb8 11.dxe5 Nxe5 12.Nxe5 Rxe5 13.Bb2 Re8 14.Qc2 Nd7 15.Nd5 
Ne5 16.Rad1 Bd7 17.Kh2 c6 18.Nf4 Qf6 19.Qd2 Rbd8 20.Qxd6 Ng4+ 21.hxg4 Qxb2
22.Rd2 Bc5 23.Rxb2 Bxd6 24.Bf3 Bb4 25.Rd1 Bc8 26.Nd3 Ba3 27.Rbd2 Kf8 28.
Nf4 Rxd2 29.Rxd2 Ke7 30.Kg2 Bd7 31.Kf1 a5 32.Ke2 Ra8 33.Kd3 Bb4 34.Rb2 Rd8
35.Ke2 Bc8 36.Nd3 Ba3 37.Rd2 Rd6 38.Nf4 h6 39.Rxd6 Bxd6 40.Nd3 b5 41.cxb5 
cxb5 42.Kd2 Be6 43.Kc3 Kd7 44.Kc2 g5 45.Kc3 Be7 46.Kc2 Kd6 47.e4 Bf6 48.
Be2 Bd4 49.f4 f6 50.Kd2 Bd7 51.Bf3 b4 52.Be2 Bc6 53.Bf3 Be8 54.Be2 Bg6 55.
Bf3 Bh7 56.Ke2 Bg8 57.Kd2 Bc3+ 58.Ke2 Bh7 59.Kd1 Bg6 60.Kc2 Be8 61.Be2 Bd4
62.Kd2 Bc6 63.Bf3 Ke7 64.Bg2 Bb5 65.Bf1 Bg1 66.Ke2 Kd6 67.Kf3 Bd4 68.Be2 
Bc6 69.Bf1 Bd7 70.Be2 Bc6 71.Bd1 Bc3 72.Ke3 a4 73.Kf3 a3 74.Ke3 Bd7 75.Be2
Be8 76.Bd1 Bf7 77.Bc2 Be6 78.Bd1 Bd7 79.Be2 Be6 80.Bd1 Kc6 81.Kf3 Kb5 82.
Ke3 Ka5 83.Nc5 Bc8 84.Nd3 Kb5 85.Be2 Kc6 86.Bf3 Kd6 87.Be2 Bd7 88.Bf3 Bb5 
89.Be2 Ba6 90.Bd1 Bc8 91.Bf3 Be6 92.Bd1 Bf7 93.Kf2 Be6 94.Ke3 1/2-1/2

[Event "19th Hoogeveen op"]
[Site "Hoogeveen NED"]
[Date "2015.10.20"]
[Round "5.31"]
[White "Elgersma, Simon"]
[Black "Vogel, Jaap"]
[Result "1/2-1/2"]
[WhiteElo "2055"]
[BlackElo "2175"]
[EventDate "2015.10.17"]
[PlyCount "50"]

1.e4 e6 2.d3 d5 3.Nd2 Nf6 4.Ngf3 c5 5.g3 Nc6 6.Bg2 Be7 7.O-O b6 8.Re1 Bb7 
9.e5 Nd7 10.Nf1 Qc7 11.Bf4 b5 12.h4 Nb6 13.N1h2 d4 14.h5 Nd5 15.Bd2 h6 16.
Ng4 a6 17.Nfh2 Rd8 18.Qe2 Ncb4 19.Rec1 c4 20.a3 c3 21.bxc3 dxc3 22.Be3 
Nxe3 23.fxe3 Bxg2 24.Qxg2 Nc6 25.Nf3 O-O 1/2-1/2

[Event "19th Hoogeveen op"]
[Site "Hoogeveen NED"]
[Date "2015.10.20"]
[Round "5.32"]
[White "Kossen, Johannes"]
[Black "Van Dorp, Folke"]
[Result "0-1"]
[WhiteElo "2029"]
[BlackElo "2168"]
[EventDate "2015.10.17"]
[PlyCount "108"]

1.d4 Nf6 2.c4 e6 3.Nf3 b6 4.g3 Bb7 5.Bg2 Be7 6.O-O O-O 7.Nc3 Ne4 8.Qc2 
Nxc3 9.Qxc3 c5 10.b3 Bf6 11.Bb2 Be4 12.Rad1 Nc6 13.Qd2 d5 14.dxc5 Bxb2 15.
Qxb2 bxc5 16.cxd5 exd5 17.Rc1 Qe7 18.Qc3 Nd4 19.Nxd4 cxd4 20.Qd2 Rac8 21.
Bh3 Rxc1 22.Rxc1 Qa3 23.f3 Bg6 24.Kf2 h6 25.Bd7 Rd8 26.Bb5 a5 27.Ba4 d3 
28.exd3 Bxd3 29.Rd1 Qc5+ 30.Qe3 Qxe3+ 31.Kxe3 Bc2 32.Rd4 Bb1 33.a3 Bf5 34.
g4 Be6 35.Kd2 Kf8 36.Bb5 Rb8 37.a4 Ke7 38.Rd3 Kd6 39.Ke3 g5 40.Kd4 Rc8 41.
Rd2 Rc1 42.h4 Rb1 43.hxg5 hxg5 44.Rd3 f5 45.Kc3 fxg4 46.fxg4 Rc1+ 47.Kd2 
Rg1 48.Rc3 Rg2+ 49.Ke1 Rxg4 50.Rc6+ Ke5 51.Ra6 Rb4 52.Rxa5 Rxb3 53.Ra7 g4 
54.Bf1 g3 0-1

[Event "19th Hoogeveen op"]
[Site "Hoogeveen NED"]
[Date "2015.10.20"]
[Round "5.33"]
[White "Rosmuller, Anton J"]
[Black "Bekedam, Tyro"]
[Result "1-0"]
[WhiteElo "2137"]
[BlackElo "1981"]
[EventDate "2015.10.17"]
[PlyCount "43"]

1.d4 Nf6 2.c4 c5 3.e3 g6 4.Nc3 Bg7 5.d5 d6 6.Nge2 O-O 7.Ng3 Nbd7 8.Be2 Nb6
9.e4 e5 10.h4 h5 11.Bg5 Qd7 12.a4 Rb8 13.Ra3 Nh7 14.a5 Na8 15.Bxh5 gxh5 
16.Qxh5 Qg4 17.Be7 Qxh5 18.Nxh5 Bh6 19.Nb5 Kh8 20.Bxd6 Bg4 21.Bxe5+ Nf6 
22.Bxb8 1-0

[Event "19th Hoogeveen op"]
[Site "Hoogeveen NED"]
[Date "2015.10.20"]
[Round "5.34"]
[White "Losekoot, Pascal"]
[Black "Berghuis, Marten"]
[Result "1/2-1/2"]
[WhiteElo "2126"]
[BlackElo "1981"]
[EventDate "2015.10.17"]
[PlyCount "47"]

1.e4 c5 2.Nf3 d6 3.d4 cxd4 4.Qxd4 a6 5.c4 Nc6 6.Qe3 g6 7.h3 Bg7 8.Be2 Nf6 
9.O-O O-O 10.Nc3 Nd7 11.Rd1 Qa5 12.Nd5 Nc5 13.Bd2 Qd8 14.Bc3 e5 15.b4 Na4 
16.c5 Nxc3 17.Qxc3 Nd4 18.Bc4 Be6 19.Nxd4 exd4 20.Qb3 dxc5 21.bxc5 Rc8 22.
Qxb7 Rxc5 23.Qxa6 Kh8 24.Bb3 1/2-1/2

[Event "19th Hoogeveen op"]
[Site "Hoogeveen NED"]
[Date "2015.10.20"]
[Round "5.35"]
[White "Halfhide, Sebastian"]
[Black "Van Randtwijk, Mick"]
[Result "1/2-1/2"]
[WhiteElo "2102"]
[BlackElo "1852"]
[EventDate "2015.10.17"]
[PlyCount "59"]

1.e4 c5 2.Nf3 Nc6 3.d4 cxd4 4.Nxd4 g6 5.c4 Nf6 6.Nc3 d6 7.Be2 Nxd4 8.Qxd4 
Bg7 9.Be3 O-O 10.Qd2 a5 11.Rc1 a4 12.O-O Qa5 13.f3 Be6 14.Nd5 Qxd2 15.Bxd2
Bxd5 16.cxd5 Nd7 17.Rc7 Nc5 18.Bg5 Bd4+ 19.Kh1 f6 20.Bh6 Rfe8 21.b4 axb3 
22.axb3 Rac8 23.Rxc8 Rxc8 24.Bc4 Nd7 25.Bd2 Ne5 26.Rc1 Ra8 27.h3 Ra2 28.
Bf4 Nd7 29.Bb5 Nc5 30.b4 1/2-1/2

[Event "19th Hoogeveen op"]
[Site "Hoogeveen NED"]
[Date "2015.10.20"]
[Round "5.36"]
[White "Kokje, Joris"]
[Black "Boer, Bas De"]
[Result "1-0"]
[WhiteElo "1983"]
[BlackElo "1863"]
[EventDate "2015.10.17"]
[PlyCount "91"]

1.d4 d5 2.c4 c6 3.Nf3 Nf6 4.Nc3 e6 5.g3 Bb4 6.a3 Bxc3+ 7.bxc3 dxc4 8.Bg2 
Qa5 9.Qc2 Nbd7 10.O-O O-O 11.Bd2 Re8 12.e4 e5 13.Rfe1 Qc7 14.a4 b5 15.Rad1
Bb7 16.Nxe5 Nxe5 17.dxe5 Qxe5 18.Bf4 Qh5 19.h3 Rad8 20.Bd6 Qg6 21.Bc5 a6 
22.Bb6 Rd7 23.Re2 Bc8 24.Rde1 Rd3 25.Re3 Nd7 26.Ba7 Rxe3 27.Bxe3 Ne5 28.
Rd1 Nd3 29.Qe2 h6 30.Kh2 Qd6 31.Ra1 Re6 32.f4 Qc7 33.Qh5 Qd8 34.e5 Qe8 35.
Bd4 Re7 36.axb5 cxb5 37.Be4 Qd7 38.f5 Nxe5 39.f6 Re6 40.Bxe5 gxf6 41.Qg4+ 
Kf8 42.Rd1 Qe8 43.Bf4 Rxe4 44.Bxh6+ Ke7 45.Qxe4+ Be6 46.Qb7+ 1-0

[Event "19th Hoogeveen op"]
[Site "Hoogeveen NED"]
[Date "2015.10.20"]
[Round "5.38"]
[White "Boersma, Jan"]
[Black "Van Dael, Siem"]
[Result "1-0"]
[WhiteElo "2153"]
[BlackElo "1978"]
[EventDate "2015.10.17"]
[PlyCount "71"]

1.e4 e5 2.Nc3 Nf6 3.Bc4 Nc6 4.d3 Bc5 5.Bg5 d6 6.Nd5 h6 7.Bxf6 gxf6 8.Qh5 
Be6 9.Ne2 Bxd5 10.Bxd5 Qd7 11.c3 Rh7 12.Ng3 O-O-O 13.Nf5 Kb8 14.Bxc6 Qxc6 
15.O-O d5 16.Qf3 d4 17.c4 a5 18.Rfb1 Rg8 19.a3 a4 20.b4 axb3 21.a4 Rg5 22.
Rxb3 Rh8 23.Rb5 Rhg8 24.g3 b6 25.Nxh6 Rf8 26.Nf5 Rh8 27.a5 Rhh5 28.Kg2 
Rxf5 29.Qe2 Rfg5 30.axb6 cxb6 31.Qa2 Kc7 32.Qa7+ Kd8 33.Qxf7 Rh8 34.Ra6 
Qc8 35.Qxf6+ Kd7 36.Rxc5 1-0

[Event "19th Hoogeveen op"]
[Site "Hoogeveen NED"]
[Date "2015.10.20"]
[Round "5.39"]
[White "De Wolf, Kees"]
[Black "Hummel, Joop"]
[Result "0-1"]
[WhiteElo "1982"]
[BlackElo "1990"]
[EventDate "2015.10.17"]
[PlyCount "46"]

1.d4 d5 2.c4 e6 3.Nc3 c5 4.e3 Nc6 5.Nf3 Nf6 6.cxd5 exd5 7.h3 c4 8.b3 Bb4 
9.Bd2 Bxc3 10.Bxc3 Ne4 11.Rc1 b5 12.bxc4 bxc4 13.Qa4 Bd7 14.Qa3 Qe7 15.
Qxe7+ Kxe7 16.Nd2 Nxc3 17.Rxc3 f5 18.g3 Rab8 19.Bg2 Kd6 20.Ke2 Rb2 21.a3 
Re8 22.Kd1 Na5 23.Rc2 Ba4 0-1

[Event "19th Hoogeveen op"]
[Site "Hoogeveen NED"]
[Date "2015.10.21"]
[Round "6.1"]
[White "Werle, Jan"]
[Black "Sengupta, Deep"]
[Result "1-0"]
[WhiteElo "2524"]
[BlackElo "2580"]
[EventDate "2015.10.17"]
[PlyCount "71"]

1.d4 d5 2.c4 dxc4 3.Nf3 Nf6 4.e3 b5 5.a4 b4 6.Bxc4 e6 7.Nbd2 Be7 8.Nb3 O-O
9.O-O a5 10.Ne5 Bb7 11.Bb5 Nfd7 12.Nxd7 Nxd7 13.Qe2 c6 14.Bd3 c5 15.Rd1 
cxd4 16.Nxd4 Nc5 17.Bc4 Qb6 18.b3 Bf6 19.Bb2 Rfd8 20.Rac1 Bd5 21.h3 h6 22.
Qc2 Bxc4 23.Qxc4 Rac8 24.Rd2 Kh7 25.Rdc2 e5 26.Qb5 Qd6 27.Nf3 e4 28.Bxf6 
Qxf6 29.Nd4 Nd3 30.Rxc8 Qxf2+ 31.Kh2 Rxd4 32.R1c2 Qf1 33.exd4 e3 34.Re8 f5
35.Rxe3 Qf4+ 36.Rg3 1-0

[Event "19th Hoogeveen op"]
[Site "Hoogeveen NED"]
[Date "2015.10.21"]
[Round "6.2"]
[White "Vishnu, Prasanna V"]
[Black "Gupta, Abhijeet"]
[Result "1/2-1/2"]
[WhiteElo "2503"]
[BlackElo "2629"]
[EventDate "2015.10.17"]
[PlyCount "27"]

1.d4 Nf6 2.c4 e6 3.Nf3 d5 4.Nc3 dxc4 5.e4 Bb4 6.Bg5 c5 7.Bxc4 cxd4 8.Nxd4 
Bxc3+ 9.bxc3 Qa5 10.Bxf6 Qxc3+ 11.Kf1 gxf6 12.Rc1 Qa5 13.Bb5+ Nd7 14.Qb3 
1/2-1/2

[Event "19th Hoogeveen op"]
[Site "Hoogeveen NED"]
[Date "2015.10.21"]
[Round "6.3"]
[White "Bok, Benjamin"]
[Black "l`Ami, Erwin"]
[Result "1/2-1/2"]
[WhiteElo "2591"]
[BlackElo "2619"]
[EventDate "2015.10.17"]
[PlyCount "41"]

1.e4 c6 2.d4 d5 3.e5 Bf5 4.Nf3 e6 5.Be2 Ne7 6.O-O Nd7 7.Nbd2 h6 8.c3 Qc7 
9.Re1 a6 10.b3 c5 11.c4 Nc6 12.cxd5 exd5 13.Bb2 Be7 14.Nf1 Rd8 15.Rc1 O-O 
16.Ng3 Be4 17.Bd3 cxd4 18.Nxe4 dxe4 19.Bxe4 Nc5 20.Bxc6 Qxc6 21.e6 1/2-1/2

[Event "19th Hoogeveen op"]
[Site "Hoogeveen NED"]
[Date "2015.10.21"]
[Round "6.4"]
[White "Stocek, Jiri"]
[Black "Pavlidis, Antonios"]
[Result "0-1"]
[WhiteElo "2566"]
[BlackElo "2522"]
[EventDate "2015.10.17"]
[PlyCount "74"]

1.d4 Nf6 2.c4 e6 3.Nc3 Bb4 4.e3 O-O 5.Bd3 d5 6.Nf3 dxc4 7.Bxc4 c5 8.O-O 
Nc6 9.a3 Ba5 10.Ba2 h6 11.Bb1 cxd4 12.exd4 Bb6 13.Be3 Ne7 14.Qd2 Nf5 15.
Bxf5 exf5 16.d5 Bxe3 17.fxe3 Re8 18.h3 Qb6 19.Rae1 Bd7 20.Qf2 Qc5 21.Nd4 
Re5 22.Nf3 Ree8 23.Nd4 Re5 24.Nf3 Ne4 25.Nxe4 Rxe4 26.Nd4 f4 27.Rd1 Ba4 
28.b3 fxe3 29.Qxf7+ Kh8 30.Ne2 Re7 31.Qf3 Bxb3 32.Rd4 Rae8 33.d6 Rd7 34.
Rc1 Qe5 35.Rd3 Rf7 36.d7 Rxf3 37.gxf3 Rd8 0-1

[Event "19th Hoogeveen op"]
[Site "Hoogeveen NED"]
[Date "2015.10.21"]
[Round "6.5"]
[White "Debashis, Das"]
[Black "Bogner, Sebastian"]
[Result "1-0"]
[WhiteElo "2501"]
[BlackElo "2557"]
[EventDate "2015.10.17"]
[PlyCount "85"]

1.e4 e5 2.Nf3 Nf6 3.d3 Nc6 4.c3 d5 5.Nbd2 Be7 6.b4 a6 7.Be2 O-O 8.O-O Re8 
9.Qc2 Bd6 10.Bb2 Bg4 11.Rfe1 h6 12.a3 Qd7 13.h3 Bh5 14.Bf1 Rad8 15.Rab1 
Bf8 16.Ba1 Bg6 17.Rb3 Bh7 18.g3 dxe4 19.dxe4 g5 20.Rbb1 h5 21.Nb3 g4 22.
Ng5 Bg6 23.a4 Bh6 24.h4 Bxg5 25.hxg5 Nh7 26.Nc5 Qe7 27.Nxb7 Rb8 28.Nc5 
Nxg5 29.Bg2 a5 30.Re3 Kg7 31.Rd1 Rbd8 32.Rxd8 Rxd8 33.Nd3 Nf3+ 34.Bxf3 
gxf3 35.b5 Nb8 36.c4 Nd7 37.Nf4 Nc5 38.Nxg6 Kxg6 39.Rxf3 f6 40.Bc3 Qe6 41.
Bxa5 Rd4 42.Bxc7 Rxc4 43.Rc3 1-0

[Event "19th Hoogeveen op"]
[Site "Hoogeveen NED"]
[Date "2015.10.21"]
[Round "6.6"]
[White "Gopal, Geetha Narayanan"]
[Black "Ankit, R Rajpara"]
[Result "1/2-1/2"]
[WhiteElo "2536"]
[BlackElo "2467"]
[EventDate "2015.10.17"]
[PlyCount "91"]

1.e4 c6 2.d4 d5 3.e5 Bf5 4.Nf3 e6 5.Be2 Ne7 6.O-O h6 7.Nbd2 Nd7 8.Nb3 Bg6 
9.a4 Nf5 10.a5 Be7 11.g4 Nh4 12.Nxh4 Bxh4 13.f4 f5 14.Bd3 O-O 15.Kh1 Be7 
16.Be3 Qe8 17.Rg1 Qf7 18.h3 Rac8 19.Qe2 fxg4 20.hxg4 Bxd3 21.cxd3 g5 22.
Raf1 gxf4 23.Bxf4 Qg6 24.Qe3 Kg7 25.Rf3 Bg5 26.Rgf1 Rxf4 27.Rxf4 Rf8 28.
Nc1 Bxf4 29.Rxf4 h5 30.gxh5 Qxh5+ 31.Kg2 Qg6+ 32.Kf2 Rxf4+ 33.Qxf4 c5 34.
dxc5 Nxc5 35.b4 Nxd3+ 36.Nxd3 Qxd3 37.Qf6+ Kh7 38.Qf7+ Kh6 39.Qxe6+ Kg5 
40.Qf6+ Kg4 41.e6 Qd2+ 42.Kf1 Qd1+ 43.Kf2 Qd2+ 44.Kf1 Qd1+ 45.Kf2 Qd2+ 46.
Kf1 1/2-1/2

[Event "19th Hoogeveen op"]
[Site "Hoogeveen NED"]
[Date "2015.10.21"]
[Round "6.7"]
[White "Baskin, Robert"]
[Black "Ehlvest, Jaan"]
[Result "0-1"]
[WhiteElo "2338"]
[BlackElo "2535"]
[EventDate "2015.10.17"]
[PlyCount "86"]

1.e4 c5 2.Nf3 d6 3.d4 cxd4 4.Nxd4 Nf6 5.Nc3 Nc6 6.Bc4 Qb6 7.Nb3 e6 8.Be3 
Qc7 9.Bd3 a6 10.f4 b5 11.Qf3 Bb7 12.O-O Be7 13.Rae1 O-O 14.Qh3 Rfe8 15.a4 
bxa4 16.Nxa4 Nb4 17.Nc3 e5 18.Kh1 Rab8 19.Bc1 Nxd3 20.Qxd3 Rbc8 21.Re2 a5 
22.Rd1 Qb6 23.Be3 Qa6 24.Ra1 Rxc3 25.bxc3 a4 26.fxe5 dxe5 27.Nc5 Bxc5 28.
Bxc5 Qc6 29.Bb4 Ba6 30.c4 Bxc4 31.Qc3 Nxe4 32.Rxe4 Qxe4 33.Rxa4 Bd5 34.Qd2
Rb8 35.Ra1 Qxb4 36.Qxd5 Qb1+ 37.Qd1 Qxd1+ 38.Rxd1 Rc8 39.Rd2 f5 40.g3 Kf7 
41.Kg2 Ke6 42.Kf2 g5 43.h3 e4 0-1

[Event "19th Hoogeveen op"]
[Site "Hoogeveen NED"]
[Date "2015.10.21"]
[Round "6.8"]
[White "Halkias, Stelios"]
[Black "Neelotpal, Das"]
[Result "1/2-1/2"]
[WhiteElo "2534"]
[BlackElo "2465"]
[EventDate "2015.10.17"]
[PlyCount "245"]

1.e4 e5 2.Nf3 Nc6 3.Bb5 a6 4.Ba4 Nf6 5.O-O Be7 6.Re1 b5 7.Bb3 O-O 8.d4 
Nxd4 9.Nxd4 exd4 10.e5 Ne8 11.c3 dxc3 12.Nxc3 d6 13.Qf3 Rb8 14.Nd5 dxe5 
15.Rxe5 Be6 16.Nxe7+ Qxe7 17.Qg3 Kh8 18.Be3 Qd7 19.Rd1 Qc6 20.Rc1 Qd7 21.
Rd1 Qc6 22.Bc5 Nd6 23.Bd4 Ne8 24.Bc5 Nd6 25.Bxe6 fxe6 26.Bxd6 cxd6 27.Rxe6
Qc2 28.Rexd6 Qxb2 29.Rxa6 Rbd8 30.Rf1 h6 31.h3 Rd5 32.Rg6 Rdf5 33.Rg4 Ra8 
34.Qd3 Rf7 35.Qb3 Qxa2 36.Qxb5 Raf8 37.Qc5 Qe2 38.Qd4 Rf6 39.Re4 Qh5 40.
Qe3 Qg6 41.Rg4 Qc2 42.Re4 R8f7 43.Re7 Rxe7 44.Qxe7 Qf5 45.Qe8+ Kh7 46.Qe3 
Re6 47.Qd2 Rg6 48.Qc3 Qe4 49.g3 Rc6 50.Qd2 Qf5 51.Kg2 Qe4+ 52.Kg1 Qf5 53.
h4 Qc2 54.Qe3 Rc3 55.Qe1 Rc5 56.Qa1 Qc3 57.Qa7 Re5 58.Rd1 Qc2 59.Rf1 Qe4 
60.Qc7 Rf5 61.Qb6 Rd5 62.Rc1 Rd7 63.Qb3 Rd3 64.Qb2 Rd7 65.Qa2 Rd3 66.Ra1 
Rd7 67.Qa5 Rd5 68.Qc3 Rd3 69.Qb2 Rd7 70.Rb1 Rd3 71.Qc1 Rd8 72.Qf1 Rd2 73.
Re1 Qc2 74.Qg2 Qf5 75.Ra1 Qd5 76.Qf1 Qd3 77.Qe1 Qd4 78.Rc1 Rd3 79.Kg2 Qd5+
80.Kh2 Qd4 81.Kg2 Qd5+ 82.Kh2 Qd4 83.Rc2 Qd5 84.Re2 Rd1 85.Re5 Qf3 86.Qe4+
Qxe4 87.Rxe4 Kg6 88.Kg2 Rd3 89.Rf4 Ra3 90.Rf8 Ra4 91.Kf3 Ra3+ 92.Kg4 Ra4+ 
93.Rf4 h5+ 94.Kf3 Ra3+ 95.Kg2 Rb3 96.Rc4 Ra3 97.Rc5 Rb3 98.Rd5 Ra3 99.Kf1 
Ra2 100.Ke1 Rb2 101.Rd2 Rb3 102.Ke2 Kf6 103.Rd6+ Kf7 104.Rd3 Rb2+ 105.Ke3 
Kf6 106.Rd6+ Kf7 107.Rd5 Kg6 108.Rg5+ Kh6 109.Rf5 Ra2 110.Rf8 Ra3+ 111.Ke4
Kg6 112.Rd8 Ra2 113.f3 Rg2 114.Kf4 Rg1 115.Rd6+ Kh7 116.Re6 Rg2 117.g4 
hxg4 118.fxg4 Ra2 119.h5 Ra4+ 120.Kf5 Ra5+ 121.Re5 Rxe5+ 122.Kxe5 g6 123.
hxg6+ 1/2-1/2

[Event "19th Hoogeveen op"]
[Site "Hoogeveen NED"]
[Date "2015.10.21"]
[Round "6.9"]
[White "Kevlishvili, Robby"]
[Black "Ernst, Sipke"]
[Result "0-1"]
[WhiteElo "2361"]
[BlackElo "2527"]
[EventDate "2015.10.17"]
[PlyCount "154"]

1.e4 e5 2.Nf3 Nc6 3.Bb5 a6 4.Ba4 Nf6 5.O-O Be7 6.Re1 b5 7.Bb3 d6 8.c3 O-O 
9.h3 h6 10.d4 Re8 11.Nbd2 Bf8 12.a3 Bb7 13.Ba2 Nb8 14.Qb3 Qd7 15.Qc2 c5 
16.d5 c4 17.b3 cxb3 18.Bxb3 Qc7 19.c4 Rc8 20.Qb1 Nbd7 21.cxb5 axb5 22.Bd1 
Nc5 23.Be2 Rcb8 24.Bf1 Bc8 25.Nb3 Ncxe4 26.Rxe4 Bf5 27.Bd3 Bxe4 28.Bxe4 
Nxe4 29.Qxe4 Ra4 30.Qe1 Qc2 31.Nbd2 Qd3 32.Rb1 Qxd5 33.Qe2 Rb7 34.Nf1 b4 
35.Ne3 bxa3 36.Nxd5 Rxb1 37.Qa2 Rxc1+ 38.Kh2 Rc5 39.Ne3 d5 40.Nc2 Rb5 41.
Nxa3 Rxa3 42.Qe2 Rb6 43.Nxe5 Re6 44.f4 Bd6 45.Qb5 Bxe5 46.fxe5 Ra8 47.Qxd5
Rae8 48.Qb5 Rxe5 49.Qc6 Re2 50.h4 Rd8 51.Qc7 Rde8 52.Qc6 h5 53.Kg3 R8e6 
54.Qc8+ Kh7 55.Kf3 R2e3+ 56.Kf2 R3e4 57.Kf3 Rxh4 58.Qc5 Rg6 59.Qe5 Rf6+ 
60.Kg3 Rg4+ 61.Kh3 Rgf4 62.g3 R4f5 63.Qe4 g6 64.Qe7 Rf2 65.Qe5 Re6 66.Qc7 
Ree2 67.Kh4 Rf1 68.g4 Re4 69.Kh3 Rxg4 70.Qe7 Rf3+ 71.Kh2 h4 72.Qd8 h3 73.
Kh1 Ra4 74.Qd1 Raa3 75.Qd4 Rad3 76.Qa1 Rd2 77.Kg1 Rff2 0-1

[Event "19th Hoogeveen op"]
[Site "Hoogeveen NED"]
[Date "2015.10.21"]
[Round "6.10"]
[White "Shabalov, Alexander"]
[Black "Den Hartog, Marijn"]
[Result "1-0"]
[WhiteElo "2522"]
[BlackElo "2158"]
[EventDate "2015.10.17"]
[PlyCount "83"]

1.f4 d5 2.Nf3 g6 3.g3 Bg7 4.Bg2 Nf6 5.d3 O-O 6.O-O c5 7.Qe1 d4 8.Na3 Nd5 
9.Bd2 Nc6 10.c3 e5 11.fxe5 Nxe5 12.Nxe5 Bxe5 13.Nc4 Bg7 14.cxd4 cxd4 15.a4
b6 16.Qf2 Bb7 17.g4 Qd7 18.Qg3 Rae8 19.Bf3 Re6 20.g5 Ne7 21.Bxb7 Qxb7 22.
Nd6 Qd7 23.Ne4 Nd5 24.Rf2 f5 25.gxf6 Nxf6 26.Ng5 Rc6 27.Raf1 Qg4 28.Qxg4 
Nxg4 29.Rxf8+ Bxf8 30.Ne4 Bg7 31.Rc1 Ne5 32.Rxc6 Nxc6 33.Kg2 Ne5 34.Nd6 
Bf8 35.Nc4 Bg7 36.Nxe5 Bxe5 37.h3 Bg7 38.Kf3 h6 39.Bf4 g5 40.Bb8 a6 41.Ba7
b5 42.axb5 1-0

[Event "19th Hoogeveen op"]
[Site "Hoogeveen NED"]
[Date "2015.10.21"]
[Round "6.11"]
[White "Gieben, Stijn"]
[Black "Schroeder, Jan Christian"]
[Result "0-1"]
[WhiteElo "1955"]
[BlackElo "2519"]
[EventDate "2015.10.17"]
[PlyCount "58"]

1.e4 d6 2.d4 Nf6 3.Nc3 Nbd7 4.Nf3 e5 5.Bc4 Be7 6.O-O O-O 7.a4 c6 8.a5 h6 
9.Re1 Re8 10.Bb3 Bf8 11.Nh4 exd4 12.Qxd4 d5 13.Nf3 Nc5 14.e5 Nfd7 15.Ba2 
Kh8 16.Qf4 f6 17.Bd2 Nxe5 18.Nxe5 fxe5 19.Rxe5 Rxe5 20.Qxe5 Bd6 21.Qh5 Qf8
22.Ne2 Bd7 23.Be3 Re8 24.Bd4 Rxe2 25.Qxe2 Qf4 26.Qe3 Qxh2+ 27.Kf1 Ne4 28.
f3 Ng3+ 29.Ke1 Nf5 0-1

[Event "19th Hoogeveen op"]
[Site "Hoogeveen NED"]
[Date "2015.10.21"]
[Round "6.12"]
[White "Schoppen, Casper"]
[Black "Pruijssers, Roeland"]
[Result "1/2-1/2"]
[WhiteElo "2220"]
[BlackElo "2501"]
[EventDate "2015.10.17"]
[PlyCount "136"]

1.d4 f5 2.Nf3 Nf6 3.g3 g6 4.Bg2 Bg7 5.O-O O-O 6.c4 d6 7.Qc2 c6 8.b3 Na6 9.
Ba3 Ne4 10.e3 Bd7 11.Nbd2 Qa5 12.Bb2 Nxd2 13.Nxd2 e5 14.dxe5 dxe5 15.a3 
Qc7 16.b4 Be6 17.Rfd1 Rad8 18.Rac1 Nb8 19.c5 Qf7 20.Qc3 e4 21.Qxg7+ Qxg7 
22.Bxg7 Kxg7 23.Bf1 Nd7 24.Bc4 Kf6 25.Bxe6 Kxe6 26.Nc4 Ne5 27.Na5 Nd3 28.
Rb1 Rd7 29.Nb3 Rfd8 30.Nd4+ Rxd4 31.exd4 Rxd4 32.Kf1 Rc4 33.Rb3 Rc2 34.
Rbxd3 exd3 35.Rxd3 a5 36.Rb3 a4 37.Rd3 Ra2 38.Kg2 g5 39.Rd6+ Ke5 40.Rd7 h6
41.Rxb7 Rxa3 42.Rh7 Rc3 43.Rxh6 Kd5 44.h4 gxh4 45.gxh4 a3 46.Rd6+ Kc4 47.
Rxc6 Kxb4 48.Rb6+ Kxc5 49.Ra6 Kb5 50.Ra8 Kb4 51.h5 Rc6 52.Kg3 Kb3 53.f4 a2
54.Kh4 Rc8 55.Rxa2 Kxa2 56.Kg5 Rf8 57.Kg6 Kb3 58.Kg7 Ra8 59.Kg6 Rf8 60.Kg7
Ra8 61.Kg6 Kc4 62.Kxf5 Kd5 63.h6 Ra1 64.h7 Rh1 65.Kg6 Ke6 66.Kg7 Rg1+ 67.
Kf8 Rh1 68.Kg8 Kf5 1/2-1/2

[Event "19th Hoogeveen op"]
[Site "Hoogeveen NED"]
[Date "2015.10.21"]
[Round "6.13"]
[White "Das, Arghyadip"]
[Black "Van Osch, Mees"]
[Result "1-0"]
[WhiteElo "2467"]
[BlackElo "2285"]
[EventDate "2015.10.17"]
[PlyCount "77"]

1.e4 e6 2.Qe2 c5 3.f4 Nc6 4.Nf3 g6 5.g3 Bg7 6.Bg2 Nge7 7.O-O O-O 8.c3 d5 
9.d3 b6 10.Nbd2 Ba6 11.e5 Qd7 12.Re1 Rae8 13.Nf1 d4 14.c4 b5 15.b3 Nb4 16.
Ng5 bxc4 17.bxc4 Qa4 18.Ne4 Rc8 19.a3 Nxd3 20.Qxd3 Bxc4 21.Qd2 Nd5 22.Bb2 
Rfd8 23.Nd6 Rc7 24.Rac1 Nb6 25.Qf2 Bf8 26.Nd2 Bxd6 27.exd6 Rxd6 28.Ne4 Rd8
29.f5 e5 30.fxg6 hxg6 31.Nf6+ Kg7 32.Rxe5 Rc6 33.Bxc6 Qxc6 34.Ne4 Nd7 35.
Rxc5 Nxc5 36.Bxd4+ f6 37.Qxf6+ Qxf6 38.Bxf6+ Kf7 39.Bxd8 1-0